Normal view
MARC view
- Gumalawe, Meryl Jairah M.
Entry Personal Name
001 - CONTROL NUMBER
- control field: 36943
003 - CONTROL NUMBER IDENTIFIER
- control field: OSt
005 - DATE AND TIME OF LATEST TRANSACTION
- control field: 20190212145332.0
008 - FIXED-LENGTH DATA ELEMENTS
- fixed length control field: 190212|| aca||aabn | a|a d
040 ## - CATALOGING SOURCE
- Original cataloging agency: OSt
- Transcribing agency: OSt
100 ## - HEADING--PERSONAL NAME
- Personal name: Gumalawe, Meryl Jairah M.
670 ## - SOURCE DATA FOUND
- Source citation: Work cat.: (OSt): Gumalawe, Meryl Jairah M., Study skills and academic performance among grade 12 students/, November 2018
